| 000 | 01713nam a2200181 i 4500 | ||
|---|---|---|---|
| 001 | 170435 | ||
| 003 | ES-MaACL | ||
| 005 | 20250806045157.0 | ||
| 008 | 090305s19131916sp |||| | spa d | ||
| 110 | 2 |
_aReal Academia de Medicina de Madrid _96318 |
|
| 245 | 1 | 0 |
_aDiscursos pronunciados en la Real Academia de Medicina de Madrid _b: 1913-1916. |
| 260 |
_aMadrid : _b[s.n.], _c1913 ( _eMadrid : _fImp. Colegio Nacional de Sordomudos y de Ciegos) |
||
| 300 |
_a1 v. ; _c27 cm. |
||
| 505 | 8 | _aContiene: La sanidad en España / Manuel Martín Salazar (161 p., 1 mapa col.) . Discurso... / Eloy Bejarano y Sánchez (p. 162-180, 9 p. de gráf.) . Los alimentos minerales / José Gómez Ocaña (102 p.) . Acciones químicas de las bacterias / José Úbeda y Correál (97 p.) . Discurso... / Ángel Fernández-Caro y Nouvilas (p. 98-122) . Evolución histórica de la cirugía de la vejiga y su estado actual / Rafael Mollá y Rodrigo (76 p.) . Historia de la farmacología / Blas Lázaro e Ibiza (52 p.). Discurso... / José Rodríguez Carracido (p. 53-66) . Las aptitudes del médico para apreciar el desdibujo anatómico y su importancia en las enfermedades del aparato locomotor / Joaquín Decref y Ruiz (34 p.) . Discurso... / José Gómez Ocaña (p. 35-60) . De la "intuición de la verdad" y de la "preparación" en las ciencias biológicas / Gustavo Pittaluga (91 p.) . Discurso... / José Gómez Ocaña (p. 92-127) . Pequeños detalles prácticos y algunos principios generales referentes a las medicaciones locales en oculística / Manuel Márquez y Rodríguez (60 p.) . Discurso... / José Gómez Ocaña (p. 61-78). | |
| 852 |
_aES-MaACL _9177076 _jK-112 |
||
| 942 | _2udc | ||
| 999 |
_c170435 _d170435 |
||